000 00531nam a2200181Ia 4500
999 _c34969
_d34969
003 OSt
005 20200226134405.0
008 190216s9999||||xx |||||||||||||| ||und||
020 _a9789380081526
040 _coclc
082 _a335
_bBIS/B
100 _aBiswas, S K
_91793
245 0 _aBhramana Marxism = Nine decades of Marxism in the land of Brahminism /
_cS K Biswas
260 _bOther Books,
_c2016.
_aCalicut:
300 _a152p
650 _aPolitics
942 _cBK
_2ddc
_h335
_iBIS/B
_k335
_mBIS/B